Primer Foro Nacional de la PGR para prevenir la Discriminacin̤ y la Desigualdad en el ℓmbito Laboral

Detalles Bibliográficos
Formato: eBook
Lenguaje:español
Publicado: Ciudad de Mx̌ico: Instituto Nacional de las Ciencias Penales, 2016
Materias:
Acceso en línea:Acceso restringido

MARC

LEADER 00000nam a22000007a 4500
005 20190215194320.0
007 cr|||| ||||
008 190215s2016 mx |||||s|||| 00||0 spa d
035 |a 22727 
040 |a vLex 
090 |c 8440  |d 8440 
245 0 0 |a Primer Foro Nacional de la PGR para prevenir la Discriminacin̤ y la Desigualdad en el ℓmbito Laboral  |h [Recurso electrn̤ico] / 
256 |a Servicio en ln̕ea 
260 |a Ciudad de Mx̌ico:  |b Instituto Nacional de las Ciencias Penales,  |c 2016 
300 |a 1 recurso electrn̤ico 
506 1 |a Disponible solo en los productos indicados  |d vLex Global  |d vLex Global (Academic Edition, excluding Law Schools)  |d vLex Global (U.S. Academic Edition, Law Schools)  |d vLex Global (U.S. Academic Edition, excluding Law Schools)  |d vLex Global (Academic Edition, Law Schools) 
650 0 4 |a Derecho Penal  |z Mx̌ico 
650 0 4 |a Derecho Laboral y Seguridad Social  |z Mx̌ico 
740 0 |a vLex Libros (Servicio en ln̕ea) 
856 4 0 |u http://vlex.com/source/primer-foro-nacional-pgr-22727  |z Acceso restringido 
942 |c BOOK 
999 0 |a Criminal Law 
999 0 |a Labor Law and Social Security